| 000 | 01383nam a2200313 a 4500 | ||
|---|---|---|---|
| 001 | BRCA_8574 | ||
| 005 | 20190320210332.0 | ||
| 008 | 190816s1521----fr-#######---#000-0#lat-# | ||
| 041 | _alat | ||
| 044 | _afr | ||
| 050 | 4 |
_aD5190 _b.L39 _c1521 |
|
| 100 | 1 |
_aLaziardi, Fratis _921471 |
|
| 245 | 1 | 0 |
_aHabes candide lector Fratis Laziardi necnon huberti vellei conserta epitoma a primeua mundi origine ad tempora nostra quibus Franciscus Primus Francorum Rex christianissimus soliciter imperantl Quae referta doctorum Philosophorum ac sanctorum patru optime dictis factiles memorandis necnon pontificum cesarum Regu ac principum egreijs facinoribus be vulgarem doctrina referes _cFratis Laziardi. |
| 260 |
_aParís _bIehan Kerver _c1521 |
||
| 300 |
_acciii p. _c30 cm |
||
| 500 | _aFondo antiguo | ||
| 500 | _aSe encuentra en Caja Fuerte | ||
| 500 | _aW-149 | ||
| 500 | _aEn la guarda se localiza un marca de agua: Almasso | ||
| 500 | _aNotan de encuadernación: pasta valenciana | ||
| 500 | _aCon ex-libris de: Franz Mayer y Olin Lane Merrian | ||
| 500 | _aIncluye tabla de contenido | ||
| 500 | _aUso de letras capitulares | ||
| 500 | _aEstado físico: la portada se encuentra desprendida | ||
| 506 | 0 | _aFondo reservado: para su consulta es necesario credencial de usuario y carta de motivos | |
| 650 | 1 | 4 |
_aHistoria antigua _921404 |
| 902 | _aLAR | ||
| 942 |
_2lcc _cB |
||
| 999 |
_c8237 _d8237 |
||